00698 2200181 4500001002100000005001500021035002000036245005500056100000900111250001000120300002000130260003500150082001100185084001700196020002200213600001400235520026700249INLIS00000000000059120210504103428 a0010-05210000121 aAl-Jazari, Penggagas Teknologi Robot /cYoli Hemdi0 aYoli acet.2 a46hal. :bilus. aJakarta Timur :bLuxima,c2019 a297.98 a297.98 YOL a a978-602-268-445-9 4aTeknologi aAl-Jazari, tokoh yang mempunyai banyak keahlian sangat spesifik, penemu teknologi robot. Kemahirannya dalam mengembangkan teknologi robot diakui oleh raja yang saat itu berkuasa, dan hingga saat ini teknologi robot menjadi hal luar biasa yang terus dikembangkan.